Promotion de la santé et action communautaire en faveur de la santé dans les pays en développement
Salvato in:
| Autore principale: | |
|---|---|
| Natura: | Libro |
| Lingua: | Undetermined |
| Pubblicazione: |
Genève
OMS
1995
|
| Soggetti: | |
| Tags: |
Aggiungi Tag
Nessun Tag, puoi essere il primo ad aggiungerne! !
|
| Thư viện lưu trữ: | Trung tâm Học liệu Trường Đại học Cần Thơ |
|---|
| LEADER | 00572nam a2200181Ia 4500 | ||
|---|---|---|---|
| 001 | CTU_7189 | ||
| 008 | 210402s9999 xx 000 0 und d | ||
| 082 | |a 610.73 | ||
| 082 | |b D534 | ||
| 100 | |a H S Dhillon | ||
| 245 | 0 | |a Promotion de la santé et action communautaire en faveur de la santé dans les pays en développement | |
| 245 | 0 | |c H S Dhillon, Lois Philip, OMS | |
| 260 | |a Genève | ||
| 260 | |b OMS | ||
| 260 | |c 1995 | ||
| 650 | |a health education | ||
| 904 | |i Nguyễn Quang Điền, 960601 | ||
| 980 | |a Trung tâm Học liệu Trường Đại học Cần Thơ | ||